[Event "Manila Pichay Cup 6th"]
[Site "Manila"]
[Date "2010.08.22"]
[Round "3"]
[White "Elorta, David"]
[Black "Bersamina, Paulo"]
[Result "1-0"]
[WhiteElo "2363"]
[BlackElo "1984"]
[PlyCount "111"]
[EventDate "2010.08.21"]
[EventType "swiss"]
[EventRounds "9"]
[EventCountry "PHI"]
[SourceTitle "CBM 138 Extra"]
[Source "ChessBase"]
[SourceDate "2010.10.29"]
[SourceVersion "1"]
[SourceVersionDate "2010.10.29"]
[SourceQuality "1"]

1. d4 Nf6 2. Nf3 g6 3. Bf4 Bg7 4. e3 d6 5. c3 0-0 6. b4 Nbd7 7. h3 b6 8. a4 a6 9. Bc4 Bb7 10. 0-0 Re8 11. Qb3 e6 12. Nbd2 Qe7 13. Rfd1 Rad8 14. Rac1 h6 15. Bg3 e5 16. dxe5 Nxe5 17. Nxe5 dxe5 18. Qc2 Nh5 19. Qxg6 Nxg3 20. Qxg3 Kh8 21. Nf3 Bf6 22. Qg4 Rg8 23. Qh5 Rxd1+ 24. Rxd1 Rg6 25. Qf5 Qe8 26. Ne1 Qg8 27. e4 Bc8 28. Qf3 Qg7 29. Nc2 Be7 30. Ne3 Rf6 31. Qh5 Rf4 32. Bd5 Bh4 33. Rd2 Bxh3 34. Bxf7 Qxf7 35. Qxf7 Rxf7 36. gxh3 Bg5 37. Rd3 Kg7 38. Nd5 Kf8 39. b5 a5 40. c4 Ke8 41. c5 bxc5 42. Rc3 Kd8 43. Rxc5 Bh4 44. Rc2 Rf3 45. Nxc7 Rxh3 46. Ne6+ Kd7 47. Nc5+ Kc7 48. Nb3+ Kb6 49. Rc6+ Ka7 50. Nxa5 Rf3 51. Rc2 Ra3 52. b6+ Ka6 53. b7 Ra1+ 54. Kg2 Rb1 55. Rc8 Kxa5 56. Ra8+ 1-0

[Event "Manila Pichay Cup 6th"]
[Site "Manila"]
[Date "2010.08.21"]
[Round "1"]
[White "Elorta, David"]
[Black "Alidani, Leonardo"]
[Result "1/2-1/2"]
[WhiteElo "2363"]
[BlackElo "1996"]
[PlyCount "78"]
[EventDate "2010.08.21"]
[EventType "swiss"]
[EventRounds "9"]
[EventCountry "PHI"]
[SourceTitle "CBM 138 Extra"]
[Source "ChessBase"]
[SourceDate "2010.10.29"]
[SourceVersion "1"]
[SourceVersionDate "2010.10.29"]
[SourceQuality "1"]

1. Nf3 d5 2. d4 Nf6 3. Bf4 e6 4. e3 Be7 5. Nbd2 0-0 6. Bd3 c5 7. c3 Nc6 8. 0-0 a6 9. a3 Qb6 10. b4 cxb4 11. axb4 Bd7 12. Qb1 h6 13. Rc1 Rfc8 14. Nb3 Be8 15. Nc5 Nh5 16. Bg3 Nxg3 17. hxg3 Rab8 18. e4 dxe4 19. Bxe4 Bd6 20. Qa2 Qd8 21. Qe2 Qc7 22. Re1 Ne7 23. g4 Nd5 24. Bxd5 exd5 25. g5 Bb5 26. Qc2 hxg5 27. Qf5 g4 28. Ng5 g6 29. Qxg4 Bh2+ 30. Kh1 Qf4 31. Qh3 Qxg5 32. Qxh2 Kg7 33. Kg1 Re8 34. Qc7 Kg8 35. Rxe8+ Rxe8 36. Nxb7 Kg7 37. Nc5 Qd2 38. Qg3 Qb2 39. Rd1 Qc2 1/2-1/2

[Event "Asian Continental op 08th"]
[Site "Subic Bay"]
[Date "2009.05.14"]
[Round "2"]
[White "Gonzales, Jayson"]
[Black "Elorta, David"]
[Result "1-0"]
[WhiteElo "2465"]
[BlackElo "2372"]
[PlyCount "67"]
[EventDate "2009.05.13"]
[EventType "swiss"]
[EventRounds "11"]
[EventCountry "PHI"]
[SourceTitle "CBM 130 Extra"]
[Source "ChessBase"]
[SourceDate "2009.07.02"]
[SourceVersion "2"]
[SourceVersionDate "2009.07.15"]
[SourceQuality "1"]

1. d4 d5 2. c4 c6 3. Nf3 Nf6 4. e3 a6 5. Bd3 b5 6. b3 Bg4 7. Nbd2 e6 8. Qc2 Nbd7 9. Bb2 Bxf3 10. Nxf3 Bb4+ 11. Ke2 0-0 12. Rhc1 Rc8 13. Ne5 Bd6 14. f4 c5 15. Nxd7 Qxd7 16. dxc5 Bxc5 17. h3 bxc4 18. bxc4 dxc4 19. Bxc4 Qb7 20. Bxf6 Qxg2+ 21. Kd3 Qxh3 22. Qc3 Qf5+ 23. Ke2 gxf6 24. Rg1+ Kh8 25. Bxa6 Qh5+ 26. Kf2 Qh4+ 27. Kf3 Qh5+ 28. Kf2 Qf5 29. Ke2 Bxe3 30. Qxe3 Rc2+ 31. Kf1 Rd8 32. Qg3 Qg6 33. Qh4 Qf5 34. Qh6 1-0